Φορτώνει......

FIB nanostructures /

Λεπτομέρειες βιβλιογραφικής εγγραφής
Άλλοι συγγραφείς: Wang, Zhiming M, Ed
Μορφή: Printed Book
Έκδοση: Cham: Springer International Publlishing, 2013.
Σειρά:Lecture notes in nanoscale science and technology; 20
Θέματα:
Διαθέσιμο Online:https://books.google.co.in/books?id=dPO3BAAAQBAJ&pg=PR5&dq=FIB+nanostructures&hl=en&sa=X&ved=0ahUKEwiX6svcq-XLAhVENqYKHRiEAS0Q6AEILzAA#v=onepage&q=FIB%20nanostructures&f=false
LEADER 00928cam a22001935i 4500
020 |a 9783319028736 
082 |a 620.115  |b Q32 
245 1 0 |a FIB nanostructures /  |c ed by Zhiming M Wang. 
260 |a Cham:  |b Springer International Publlishing,  |c 2013. 
300 |a xiii, 530p. 
490 |a Lecture notes in nanoscale science and technology; 20 
504 |a Includes bibliographical references and index. 
650 |a Nanostructured materials.  |9 29684 
650 |a Focused ion beams.  |9 29629 
700 |a Wang, Zhiming M, Ed.  |9 29406 
856 |u https://books.google.co.in/books?id=dPO3BAAAQBAJ&pg=PR5&dq=FIB+nanostructures&hl=en&sa=X&ved=0ahUKEwiX6svcq-XLAhVENqYKHRiEAS0Q6AEILzAA#v=onepage&q=FIB%20nanostructures&f=false 
942 |c BK 
999 |c 64779  |d 64779 
952 |0 0  |1 0  |4 0  |6 620_115000000000000_Q32  |7 0  |9 56739  |a MGUL  |b MGUL  |c GEN  |d 2015-01-27  |e Current Books Bill No 884 dated 26.12.2014  |g 13854.19  |l 0  |o 620.115 Q32  |p 52655  |r 2015-07-24  |y BK